000
00215nam a22000857a 4500
008
160708b xxu||||| |||| 00| 0 eng d
100
_9
2427
_a
Bueltmann, A.J
245
_a
Take the High Road
260
_a
London
_b
Concordia
999
_c
2100
_d
2100